000 01919nam0a2200349 4500
001 RU\NLR\BIBL_A\011873254
005 20181224131707.0
010 _a978-5-00101-197-2
_9100
021 _aRU
_bКН-П-18-084143
_9КН-П-18-6089
035 _a(NLR Aleph) 011873254
035 _a(RuMoRGB)009798436
090 _a12216797
_c12216797
100 _a20181129d2018 u y0rusy50 ca
101 0 _arus
102 _aRU
105 _aa|||j|||000zy
200 1 _aУстойчивое развитие. Человек и биосфера
_eучебное пособие
_eдля студентов высших учебных заведений, обучающихся по направлению 022000 "Экология и природопользование"
_fГ. А. Ягодин, Е. Е. Пуртова
205 _a3-е изд.
210 _aМосква
_cЛаборатория знаний
_d2018 (макет 2019)
215 _a108, [1] с.
_cил., табл.
_d22
300 _aНа 4-й с. обл. авт.: Ягодин Г.А., чл.-кор. РАН, акад., Пуртова Е.Е., к.т.н.
517 1 _aЧеловек и биосфера
606 1 _aБиосфера
_xВлияние антропических факторов
_jУчебные издания для высших учебных заведений
_2nlr_sh2
_3RU\NLR\AUTH\661339219
606 1 _aУстойчивого развития концепция
_jУчебные издания для высших учебных заведений
_2nlr_sh1
_2nlr_sh2
_3RU\NLR\AUTH\661263996
686 1 _aЕ081.4я73
686 1 _aУ5-961-314я73
700 1 _aЯгодин
_bГ. А.
_f1927-2015
_gГеннадий Алексеевич
_3RU\NLR\AUTH\771185
701 1 _aПуртова
_bЕ. Е.
_gЕлена Евгеньевна
942 _cBOOK
980 _aNB